Statistiche per Paesi che contengono una lettera - M

Clicka qui per fare il quiz!

Statistiche generali

  • Questo quiz è stato fatto 79 volte
  • Il punteggio medio è 39 su 51

Statistiche sulle risposte

CategoriaPaese% Corretto
1 x MMacedonia del Nord
90%
1 x MMali
88%
1 x MMoldavia
88%
1 x MMarocco
86%
2 x MMozambico
86%
1 x MDanimarca
84%
1 x MMadagascar
84%
1 x MMauritania
84%
1 x MMauritius
84%
1 x MMessico
84%
1 x MIsole Marshall
82%
1 x MMalawi
82%
1 x MMalta
82%
1 x MBirmania
80%
1 x MGermania
80%
1 x MMalesia
80%
1 x MMongolia
80%
1 x MRomania
80%
1 x MSan Marino
80%
1 x MZimbabwe
80%
1 x MArmenia
78%
1 x MEmirati Arabi Uniti
78%
1 x MMaldive
78%
1 x MMontenegro
78%
1 x MRepubblica Dominicana
78%
1 x MYemen
78%
1 x MCambogia
76%
1 x MMonaco
76%
1 x MOman
76%
1 x MZambia
76%
1 x MNamibia
74%
1 x MStati Federati di Micronesia
74%
1 x MTurkmenistan
74%
1 x MVietnam
74%
1 x MColombia
72%
1 x MComoros
72%
1 x MDominica
72%
1 x MIsole Salomone
72%
1 x MLussemburgo
72%
1 x MSamoa
72%
1 x MSomalia
72%
1 x MGuatemala
68%
1 x MGambia
66%
1 x MSao Tome e Principe
66%
1 x MSuriname
66%
1 x MGiamaica
64%
1 x MRepubblica Democratica del Congo
64%
1 x MCamerun
62%
1 x MPanama
62%
1 x MBahamas
56%
1 x MTimor Est
44%

Distribuzione punteggi

Percentile per numero di risposta

Percentuale di utenti per punteggio

I tuoi punteggi nel tempo

Non hai fatto questo quiz